000 01367cas a22003977ar4500
001 000079503
003 DLC
005 20220329142004.0
008 120524c1972tt hu qr p rnn 0 a1b1eng d
010 _a76692
011 _a77664
022 _a0139-3006
022 0 _a1588-2335 (versión electrónica)
030 _aALCALDI
035 _a87323
210 0 _aActa aliment.
245 0 0 _aActa Alimentaria :
_ban International Journal of Food Science.
260 _aBudapest :
_bAkadémiai Kiado,
_c1972-.
300 _av. :
_bil.
310 _aTrimestral
362 1 _av.3 n.1, 1974
500 _aInicia en (año)con el vol. #, no. #
530 _aA partir del v.28 n.1 1994 disponible en línea
590 _aBATCH-UPD
_b10
_c20130110
_lUCH01
_h2341
590 _aBATCH-UPD
_b10
_c20130410
_lUCH01
_h1629
590 _aCONVERSION
_b10
_c20130109
_lUCH01
_h1342
590 _aE11694LHA
_b10
_c20140124
_lUCH01
_h1222
590 _aE5765TAJ
_b10
_c20140124
_lUCH01
_h1220
590 _aE5765TAJ
_b10
_c20140124
_lUCH01
_h1243
650 1 4 _aAlimentos
_xPublicaciones periodicas.
_94273
780 0 0 _tActa Alimentaria
780 0 0 _tActa alimentaria Academiae Scientiarum Hungaricae
_x0302-7308
856 4 0 _3Finding aid
_uhttp://www.swetswise.com/swoc-web/linkingDetails.html?openURL=false&issn=0139-3006&eissn=0139-3006
_zTeclea aqui
901 _aSE
942 _n0
999 _c76692
_d76692